[Event "Santiago de Compostela Bicapawn GP B4"]
[Site "Santiago de Compostela"]
[Date "2022.10.21"]
[Round "1"]
[White "Gonzalez Lopez, Manuel"]
[Black "Illescas Cordoba, Miguel Angel"]
[Result "1/2-1/2"]
[WhiteElo "1857"]
[BlackElo "2614"]
[PlyCount "75"]
[EventDate "2022.10.21"]
[EventType "swiss (blitz)"]
[EventRounds "9"]
[EventCountry "ESP"]
[SourceTitle "CBM 210 Extra"]
[Source "ChessBase"]
[SourceDate "2022.11.30"]
[SourceVersion "1"]
[SourceVersionDate "2022.11.30"]
[SourceQuality "1"]

1. e4 g6 2. d4 Bg7 3. Nc3 d6 4. Be3 a6 5. Qd2 b5 6. f3 Nd7 7. 0-0-0 Nb6 8. h4 h5 9. Nh3 Nf6 10. Nf4 e6 11. Bd3 Bb7 12. Rhe1 e5 13. dxe5 dxe5 14. Nh3 0-0 15. Bh6 b4 16. Nb1 c5 17. Bxg7 Kxg7 18. Qg5 Nfd7 19. Bf1 Qxg5+ 20. Nxg5 Rfd8 21. Nd2 Nf8 22. Nc4 Nxc4 23. Bxc4 f6 24. Ne6+ Nxe6 25. Bxe6 a5 26. Rxd8 Rxd8 27. Rd1 Rxd1+ 28. Kxd1 Ba6 29. g3 Kf8 30. Kd2 Ke7 31. Bd5 Bc8 32. Kd3 Ba6+ 33. Bc4 Bb7 34. Bg8 Ba6+ 35. Bc4 Bc8 36. Bg8 Ba6+ 37. Bc4 Bb7 38. Kd2 1/2-1/2

[Event "Santiago de Compostela Bicapawn GP B4"]
[Site "Santiago de Compostela"]
[Date "2022.10.21"]
[Round "3"]
[White "Sumets, Andrey"]
[Black "Illescas Cordoba, Miguel Angel"]
[Result "1/2-1/2"]
[WhiteElo "2493"]
[BlackElo "2614"]
[PlyCount "79"]
[EventDate "2022.10.21"]
[EventType "swiss (blitz)"]
[EventRounds "9"]
[EventCountry "ESP"]
[SourceTitle "CBM 210 Extra"]
[Source "ChessBase"]
[SourceDate "2022.11.30"]
[SourceVersion "1"]
[SourceVersionDate "2022.11.30"]
[SourceQuality "1"]

1. d4 Nf6 2. c4 d6 3. Nf3 g6 4. Nc3 Bg7 5. e4 0-0 6. Be2 Nbd7 7. 0-0 e5 8. Be3 c6 9. d5 c5 10. Ne1 Ne8 11. g4 f5 12. gxf5 gxf5 13. exf5 Ndf6 14. Bd3 e4 15. Nxe4 Nxe4 16. Bxe4 Nf6 17. Bd3 Kh8 18. Ng2 Ng8 19. Qc2 Be5 20. f4 Bg7 21. Bd2 Nh6 22. Ne3 Bd4 23. Bc3 Qf6 24. Kh1 Bxc3 25. Qxc3 Qxc3 26. bxc3 Nxf5 27. Nxf5 Bxf5 28. Bxf5 Rxf5 29. Rae1 Raf8 30. Re4 R8f6 31. Kg2 Rg6+ 32. Kf3 Rh5 33. Re7 Rh3+ 34. Ke4 Rxc3 35. Rxb7 Rf6 36. Rxa7 Rxc4+ 37. Ke3 Rc3+ 38. Ke4 Rc4+ 39. Ke3 Rc3+ 40. Ke4 1/2-1/2

[Event "Santiago de Compostela Bicapawn GP B2"]
[Site "Santiago de Compostela"]
[Date "2022.10.20"]
[Round "1"]
[White "Castejon Caballero, Andres"]
[Black "Illescas Cordoba, Miguel Angel"]
[Result "1-0"]
[WhiteElo "2027"]
[BlackElo "2614"]
[PlyCount "67"]
[EventDate "2022.10.20"]
[EventType "swiss (blitz)"]
[EventRounds "9"]
[EventCountry "ESP"]
[SourceTitle "CBM 210 Extra"]
[Source "ChessBase"]
[SourceDate "2022.11.30"]
[SourceVersion "1"]
[SourceVersionDate "2022.11.30"]
[SourceQuality "1"]

1. d4 Nf6 2. Nf3 e6 3. c4 d5 4. Nc3 Be7 5. Bf4 0-0 6. e3 c6 7. Qc2 Nbd7 8. Rd1 dxc4 9. Bxc4 b5 10. Bd3 Bb7 11. Ne5 Rc8 12. 0-0 a6 13. a3 h6 14. b4 a5 15. Qb2 axb4 16. axb4 Nxe5 17. Bxe5 Nd5 18. Ne4 Nxb4 19. Bb1 f6 20. Bg3 Qd5 21. Nc5 Bxc5 22. dxc5 Qxc5 23. Bd6 Qg5 24. Bxf8 Rxf8 25. Rd7 Ba8 26. Be4 Nd5 27. Bf3 f5 28. Qe5 Nf6 29. Ra7 Ng4 30. Bxg4 Qxg4 31. Rfa1 f4 32. Rxa8 f3 33. Rxf8+ Kh7 34. Qg3 1-0

[Event "Santiago de Compostela Bicapawn GP B2"]
[Site "Santiago de Compostela"]
[Date "2022.10.20"]
[Round "8"]
[White "Illescas Cordoba, Miguel Angel"]
[Black "Gagunashvili, Merab"]
[Result "1-0"]
[WhiteElo "2614"]
[BlackElo "2556"]
[PlyCount "97"]
[EventDate "2022.10.20"]
[EventType "swiss (blitz)"]
[EventRounds "9"]
[EventCountry "ESP"]
[SourceTitle "CBM 210 Extra"]
[Source "ChessBase"]
[SourceDate "2022.11.30"]
[SourceVersion "1"]
[SourceVersionDate "2022.11.30"]
[SourceQuality "1"]

1. e4 e5 2. Nf3 Nc6 3. Bb5 a6 4. Ba4 Nf6 5. d4 exd4 6. 0-0 b5 7. Bb3 Be7 8. e5 Ne4 9. Bd5 Nc5 10. Nxd4 Bb7 11. Nf5 g6 12. Ng7+ Kf8 13. Bh6 Kg8 14. Bxf7+ Kxf7 15. Qf3+ Kg8 16. Qd5+ Ne6 17. Nxe6 Na5 18. Qxb7 Nxb7 19. Nxd8 Rxd8 20. Nc3 c6 21. Ne4 Kf7 22. Be3 d6 23. exd6 Nxd6 24. Nxd6+ Bxd6 25. Rad1 Be5 26. b3 Rxd1 27. Rxd1 Ke6 28. g3 a5 29. Kg2 Ra8 30. Kf3 a4 31. Ke4 axb3 32. axb3 h5 33. f4 Bc7 34. h3 Ra2 35. Rd2 Ra1 36. g4 Rh1 37. f5+ gxf5+ 38. gxf5+ Ke7 39. Bg5+ Ke8 40. Rd3 Rh2 41. c4 bxc4 42. bxc4 Rc2 43. f6 Rxc4+ 44. Kf5 Rc2 45. Kg6 Rf2 46. f7+ Rxf7 47. Re3+ Kf8 48. Bh6+ Kg8 49. Re8+ 1-0

[Event "Santiago de Compostela Bicapawn GP B2"]
[Site "Santiago de Compostela"]
[Date "2022.10.20"]
[Round "6"]
[White "Illescas Cordoba, Miguel Angel"]
[Black "Sosa, Tomas Sebastian"]
[Result "1/2-1/2"]
[WhiteElo "2614"]
[BlackElo "2548"]
[PlyCount "206"]
[EventDate "2022.10.20"]
[EventType "swiss (blitz)"]
[EventRounds "9"]
[EventCountry "ESP"]
[SourceTitle "CBM 210 Extra"]
[Source "ChessBase"]
[SourceDate "2022.11.30"]
[SourceVersion "1"]
[SourceVersionDate "2022.11.30"]
[SourceQuality "1"]

1. e4 e5 2. Nf3 Nc6 3. d4 exd4 4. Bc4 Nf6 5. 0-0 d6 6. Nxd4 Be7 7. Nxc6 bxc6 8. Nc3 0-0 9. h3 Nd7 10. f4 Bf6 11. Bd2 Nc5 12. Bd3 Nxd3 13. cxd3 Bd4+ 14. Kh1 Rb8 15. b3 f5 16. Rc1 c5 17. Ne2 fxe4 18. dxe4 Bf6 19. Bc3 Ba6 20. Rf3 Bb7 21. Bxf6 Qxf6 22. Ng3 Rbe8 23. Qc2 Qd4 24. Re1 a5 25. Kh2 a4 26. bxa4 Bc6 27. a5 Qb4 28. Ree3 Qxa5 29. Nf5 Qb4 30. a3 Qa4 31. Qa2+ Kh8 32. Qb2 Rxf5 33. exf5 Bxf3 34. Rxf3 Qd4 35. Qb7 Rf8 36. Qxc7 Qd5 37. f6 Rxf6 38. a4 h6 39. a5 Rf7 40. Qc8+ Kh7 41. a6 c4 42. Rc3 Qd2 43. Rxc4 d5 44. a7 dxc4 45. a8Q Qxf4+ 46. Kh1 Qf1+ 47. Kh2 Qf4+ 48. g3 Qd2+ 49. Qg2 Qd3 50. Qe6 Rf3 51. Qge2 Rxg3 52. Q6e4+ Qxe4 53. Qxe4+ Rg6 54. Qc2 h5 55. Qxc4 Rf6 56. Qd5 h4 57. Qh5+ Rh6 58. Qf5+ Kg8 59. Qd7 Rf6 60. Kg2 Rg6+ 61. Kf2 Rf6+ 62. Ke3 Kh7 63. Qe8 Rh6 64. Kf4 Rf6+ 65. Kg5 Rh6 66. Qe4+ Kg8 67. Qe8+ Kh7 68. Qc8 Rg6+ 69. Kxh4 Rh6+ 70. Kg5 Rg6+ 71. Kf4 Rf6+ 72. Ke5 Rh6 73. Qf5+ Kg8 74. Qc8+ Kh7 75. Ke4 Rf6 76. h4 Rh6 77. Qf5+ Kg8 78. h5 Rf6 79. Qd5+ Kh7 80. Qg5 Rh6 81. Kf5 Rf6+ 82. Kg4 Rh6 83. Qf5+ Kg8 84. Qc8+ Kh7 85. Kg5 Rf6 86. Qc2+ Kg8 87. Qb3+ Kh7 88. Qb1+ Kg8 89. Kg4 Rh6 90. Qb3+ Kh7 91. Qd3+ Kg8 92. Qd5+ Kh7 93. Kg5 Kh8 94. Qd8+ Kh7 95. Qd3+ Kh8 96. Qc3 Kh7 97. Kg4 Kh8 98. Qc8+ Kh7 99. Qf5+ Kg8 100. Kg5 Kh8 101. Qd5 Kh7 102. Kf4 Kh8 103. Kg4 Kh7 1/2-1/2

[Event "Santiago de Compostela Bicapawn GP B2"]
[Site "Santiago de Compostela"]
[Date "2022.10.20"]
[Round "7"]
[White "Shchekachev, Andrei"]
[Black "Illescas Cordoba, Miguel Angel"]
[Result "1-0"]
[WhiteElo "2510"]
[BlackElo "2614"]
[PlyCount "65"]
[EventDate "2022.10.20"]
[EventType "swiss (blitz)"]
[EventRounds "9"]
[EventCountry "ESP"]
[SourceTitle "CBM 210 Extra"]
[Source "ChessBase"]
[SourceDate "2022.11.30"]
[SourceVersion "1"]
[SourceVersionDate "2022.11.30"]
[SourceQuality "1"]

1. d4 d5 2. Bf4 c5 3. e3 Nc6 4. Nf3 cxd4 5. exd4 Bg4 6. c3 e6 7. h3 Bxf3 8. Qxf3 Bd6 9. Be3 Nf6 10. Nd2 0-0 11. Qd1 Qc7 12. g3 Rfe8 13. Be2 e5 14. dxe5 Bxe5 15. Bg5 d4 16. Bxf6 Bxf6 17. 0-0 dxc3 18. bxc3 Rad8 19. Rc1 Bg5 20. Rc2 Re6 21. Bg4 Red6 22. f4 Qb6+ 23. Rf2 Bf6 24. Qe1 Bxc3 25. Rxc3 Rxd2 26. Qe3 Rxf2 27. Qxb6 axb6 28. Kxf2 Rd2+ 29. Ke3 Rxa2 30. Bc8 Ra7 31. Bxb7 Rxb7 32. Rxc6 b5 33. Rc8# 1-0

[Event "Barcelona Sants op 20th playoff 1st-5th"]
[Site "Barcelona"]
[Date "2018.08.26"]
[Round "2.2"]
[White "Illescas Cordoba, Miguel Angel"]
[Black "Nisipeanu, Liviu Dieter"]
[Result "1/2-1/2"]
[WhiteElo "2605"]
[BlackElo "2657"]
[PlyCount "65"]
[EventDate "2018.08.26"]
[EventType "k.o. (blitz)"]
[EventRounds "3"]
[EventCountry "ESP"]
[SourceTitle "CBM 186 Extra"]
[Source "ChessBase"]
[SourceDate "2018.08.24"]
[SourceVersion "1"]
[SourceVersionDate "2018.08.24"]
[SourceQuality "1"]

1. Nf3 d5 2. e3 Nf6 3. c4 e6 4. b3 Be7 5. Bb2 0-0 6. d4 c5 7. cxd5 cxd4 8. dxe6 Bb4+ 9. Nbd2 Bxe6 10. Bxd4 Nc6 11. a3 Nxd4 12. axb4 Nxb3 13. Nxb3 Qxd1+ 14. Rxd1 Bxb3 15. Rb1 Bd5 16. Bd3 Rfd8 17. Ke2 Ne4 18. Rhc1 Nxf2 19. Kxf2 Bxf3 20. Bxh7+ Kxh7 21. Kxf3 Rac8 22. Rc5 Rxc5 23. bxc5 Rd7 24. Ra1 a6 25. c6 bxc6 26. Rxa6 Rc7 27. Ra4 c5 28. Rc4 Kg6 29. Ke4 Re7+ 30. Kf4 Rc7 31. Ke5 Re7+ 32. Kf4 Rc7 33. Ke4 1/2-1/2

[Event "Barcelona Sants op 20th"]
[Site "Barcelona"]
[Date "2018.08.24"]
[Round "8"]
[White "Peralta, Fernando"]
[Black "Illescas Cordoba, Miguel Angel"]
[Result "1/2-1/2"]
[WhiteElo "2556"]
[BlackElo "2605"]
[PlyCount "80"]
[EventDate "2018.08.17"]
[EventType "swiss"]
[EventRounds "10"]
[EventCountry "ESP"]
[SourceTitle "CBM 186 Extra"]
[Source "ChessBase"]
[SourceDate "2018.08.24"]
[SourceVersion "1"]
[SourceVersionDate "2018.08.24"]
[SourceQuality "1"]

1. d4 d5 2. c4 dxc4 3. Nf3 Nf6 4. e3 e6 5. Bxc4 a6 6. 0-0 c5 7. a4 Nc6 8. Qe2 Qc7 9. Rd1 Bd6 10. dxc5 Bxc5 11. b3 b6 12. Bb2 Bb7 13. Nbd2 0-0 14. Rac1 Rfd8 15. Bd3 Qe7 16. h3 h6 17. Nc4 Nb4 18. Bb1 Rxd1+ 19. Rxd1 Rd8 20. Nfe5 Rxd1+ 21. Qxd1 Qc7 22. Nd3 Nxd3 23. Qxd3 Be4 24. Qd1 Bxb1 25. Qxb1 Nd5 26. Qd3 Bf8 27. Ne5 Ba3 28. Bd4 Bd6 29. Nc4 Bf8 30. Be5 Qc5 31. Bd4 Qb4 32. Kf1 b5 33. axb5 Qxb5 34. Kg1 Nb4 35. Qd1 Qd5 36. Qb1 Nc6 37. Bc3 Bb4 38. Bb2 Bf8 39. Bc3 Bb4 40. Bb2 Bf8 1/2-1/2

[Event "Barcelona Sants op 20th"]
[Site "Barcelona"]
[Date "2018.08.17"]
[Round "1"]
[White "Illescas Cordoba, Miguel Angel"]
[Black "Kabanova, Ekaterina"]
[Result "1-0"]
[WhiteElo "2605"]
[BlackElo "2146"]
[PlyCount "115"]
[EventDate "2018.08.17"]
[EventType "swiss"]
[EventRounds "10"]
[EventCountry "ESP"]
[SourceTitle "CBM 186 Extra"]
[Source "ChessBase"]
[SourceDate "2018.08.24"]
[SourceVersion "1"]
[SourceVersionDate "2018.08.24"]
[SourceQuality "1"]

1. d4 d5 2. Nf3 Nf6 3. c4 dxc4 4. Nc3 e6 5. e4 Bb4 6. Bxc4 Nxe4 7. 0-0 Nxc3 8. bxc3 Be7 9. Qe2 0-0 10. Rd1 c6 11. Ne5 Nd7 12. Rd3 Nb6 13. Rh3 g6 14. Qe3 Bg5 15. Qxg5 Qxg5 16. Bxg5 f6 17. Bh6 fxe5 18. Bxf8 Nxc4 19. Bh6 exd4 20. Rf3 Bd7 21. cxd4 Nd6 22. Bf4 Nf5 23. Be5 Rd8 24. g4 Nh6 25. h3 Bc8 26. Rc1 Nf7 27. Bf6 Rf8 28. Ra3 a6 29. Re3 Re8 30. f4 Bd7 31. Kh2 Nd6 32. Be5 Nc8 33. Rb3 b6 34. Bc7 b5 35. Ra3 Kf7 36. Rxa6 Ke7 37. Ra8 Rf8 38. Kg3 Rf7 39. Rc5 Rg7 40. Kf3 Rf7 41. Ke4 Kf8 42. Ke3 Ke7 43. a4 bxa4 44. Rxa4 Nd6 45. Bxd6+ Kxd6 46. Ra8 Rg7 47. Rca5 Rf7 48. Rh8 Rg7 49. Ke4 Rf7 50. h4 Rg7 51. Rg5 Re7 52. h5 Be8 53. Rxe8 Rxe8 54. hxg6 hxg6 55. Rxg6 Re7 56. f5 Kd7 57. Rxe6 Rg7 58. Kf4 1-0

[Event "Madrid Neoclassical 1st"]
[Site "Madrid"]
[Date "2015.05.09"]
[Round "1"]
[White "Anton Guijarro, David"]
[Black "Illescas Cordoba, Miguel Angel"]
[Result "1-0"]
[WhiteElo "2621"]
[BlackElo "2602"]
[PlyCount "55"]
[EventDate "2015.05.09"]
[EventType "tourn (rapid)"]
[EventRounds "7"]
[EventCountry "ESP"]
[EventCategory "12"]
[SourceTitle "CBM 166 Extra"]
[Source "ChessBase"]
[SourceDate "2015.06.18"]
[SourceVersion "1"]
[SourceVersionDate "2015.06.18"]
[SourceQuality "1"]

1. d4 d5 2. c4 c6 3. Nf3 Nf6 4. e3 e6 5. Nbd2 Nbd7 6. b3 Bd6 7. Bb2 0-0 8. Bd3 b6 9. 0-0 Bb7 10. Qe2 c5 11. cxd5 exd5 12. Rfd1 Re8 13. Nf1 Ne4 14. Ng3 Nxg3 15. hxg3 Bf8 16. Rac1 a6 17. dxc5 bxc5 18. Qc2 h6 19. Bh7+ Kh8 20. Bf5 Nf6 21. g4 Kg8 22. g5 hxg5 23. Nxg5 Be7 24. Be6 fxe6 25. Qg6 Qb6 26. Rd3 c4 27. Qf7+ Kh8 28. Rd4 1-0

[Event "Madrid Neoclassical 1st"]
[Site "Madrid"]
[Date "2015.05.09"]
[Round "2"]
[White "Illescas Cordoba, Miguel Angel"]
[Black "Ibarra Jerez, Jose Carlos"]
[Result "0-1"]
[WhiteElo "2602"]
[BlackElo "2545"]
[PlyCount "68"]
[EventDate "2015.05.09"]
[EventType "tourn (rapid)"]
[EventRounds "7"]
[EventCountry "ESP"]
[EventCategory "12"]
[SourceTitle "CBM 166 Extra"]
[Source "ChessBase"]
[SourceDate "2015.06.18"]
[SourceVersion "1"]
[SourceVersionDate "2015.06.18"]
[SourceQuality "1"]

1. Nf3 d5 2. g3 Nf6 3. Bg2 c6 4. 0-0 Bg4 5. d3 Nbd7 6. h3 Bxf3 7. Bxf3 e5 8. e4 dxe4 9. dxe4 Bc5 10. a4 a5 11. Qe2 0-0 12. Bg2 Re8 13. Nd2 Nf8 14. c3 Ne6 15. Nc4 Qc7 16. h4 Ba7 17. Bg5 Nd7 18. Rad1 h6 19. Bxh6 gxh6 20. Qg4+ Kf8 21. Qh5 Bc5 22. Qxh6+ Ke7 23. Bh3 Rh8 24. Qd2 Rag8 25. Kh2 Nf6 26. Qe2 Nh5 27. Bxe6 fxe6 28. Rd3 Nf6 29. f3 Nh5 30. Rfd1 Nxg3 31. Rd7+ Qxd7 32. Rxd7+ Kxd7 33. Qd1+ Kc7 34. Nxe5 Nf1+ 0-1

[Event "Barcelona 19th"]
[Site "Barcelona"]
[Date "2014.11.30"]
[Round "3"]
[White "Grigoryan, Karen H"]
[Black "Illescas Cordoba, Miguel Angel"]
[Result "1/2-1/2"]
[WhiteElo "2586"]
[BlackElo "2602"]
[PlyCount "81"]
[EventDate "2014.11.28"]
[EventType "tourn"]
[EventRounds "5"]
[EventCountry "ESP"]
[EventCategory "15"]
[SourceTitle "CBM 164"]
[Source "ChessBase"]
[SourceDate "2015.01.15"]
[SourceVersion "1"]
[SourceVersionDate "2015.01.15"]
[SourceQuality "1"]

1. g3 d5 2. Nf3 g6 3. c4 c6 4. Qa4 d4 5. d3 Bg7 6. Bg2 Nh6 7. 0-0 0-0 8. b4 Bg4 9. Nbd2 Nd7 10. h3 Bxf3 11. Bxf3 Qc7 12. Ne4 Nf5 13. c5 a6 14. Qb3 Nf6 15. Bd2 Nxe4 16. dxe4 Nh6 17. Rad1 Rad8 18. Bg2 Kh8 19. e3 Ng8 20. f4 e5 21. exd4 Rxd4 22. Be3 Rxd1 23. Rxd1 Nf6 24. fxe5 Nd7 25. e6 fxe6 26. Rd6 e5 27. g4 Nf6 28. a4 Ne8 29. Rd2 Qe7 30. b5 axb5 31. axb5 Bf6 32. Rf2 Kg7 33. bxc6 bxc6 34. Qd1 h6 35. Qa4 Bg5 36. Bxg5 Qxg5 37. Qa7+ Kg8 38. Qa2+ Kg7 39. Qa7+ Kg8 40. Qa2+ Kg7 41. Qa7+ 1/2-1/2

[Event "Barcelona 19th"]
[Site "Barcelona"]
[Date "2014.11.28"]
[Round "1"]
[White "Narciso Dublan, Marc"]
[Black "Illescas Cordoba, Miguel Angel"]
[Result "0-1"]
[WhiteElo "2515"]
[BlackElo "2602"]
[PlyCount "134"]
[EventDate "2014.11.28"]
[EventType "tourn"]
[EventRounds "5"]
[EventCountry "ESP"]
[EventCategory "15"]
[SourceTitle "CBM 164"]
[Source "ChessBase"]
[SourceDate "2015.01.15"]
[SourceVersion "1"]
[SourceVersionDate "2015.01.15"]
[SourceQuality "1"]

1. e4 e5 2. Nc3 Nf6 3. g3 d5 4. exd5 Nxd5 5. Bg2 Nxc3 6. bxc3 Nc6 7. Nf3 Bc5 8. 0-0 0-0 9. d3 Bg4 10. h3 Bh5 11. g4 Bg6 12. Ng5 Be7 13. Ne4 f5 14. gxf5 Bxf5 15. Kh2 Qd7 16. Be3 Rae8 17. Rg1 Kh8 18. a4 b6 19. Ng3 Be6 20. Be4 g6 21. Qf1 Bd6 22. Qg2 Nd8 23. Nf1 Qe7 24. Nd2 a5 25. Nf3 Bd7 26. Ng5 Rf6 27. Kh1 Ref8 28. Bd5 Rf5 29. Be4 h6 30. Bxf5 gxf5 31. Ne4 fxe4 32. Bxh6 Ne6 33. Bxf8 Qxf8 34. Qxe4 Nf4 35. Rg3 Be6 36. c4 Qh6 37. Kg1 Qh5 38. Re1 Nxh3+ 39. Kf1 Nf4 40. Qa8+ Kh7 41. Qe4+ Bf5 42. Qa8 Bg6 43. Qf3 Qxf3 44. Rxf3 Kg7 45. c5 bxc5 46. Rfe3 Kf6 47. Rb1 Be8 48. Re4 Bc6 49. Rb5 Bxb5 50. axb5 Nd5 51. Ra4 Nb4 52. Rxa5 Ke6 53. Ra7 Nxc2 54. b6 cxb6 55. Rb7 Nb4 56. Rxb6 Nxd3 57. f3 Kd5 58. Ke2 c4 59. Rb7 Bc5 60. Rd7+ Kc6 61. Rd8 Nf4+ 62. Kd2 Bd4 63. Rc8+ Kd5 64. Rd8+ Ke6 65. Kc2 Nd5 66. Rb8 Kf5 67. Rf8+ Kg5 0-1

[Event "ESP-chT CECLUB Honor"]
[Site "Linares"]
[Date "2014.09.07"]
[Round "4.1"]
[White "Illescas Cordoba, Miguel Angel"]
[Black "Salgado Lopez, Ivan"]
[Result "1/2-1/2"]
[WhiteElo "2617"]
[BlackElo "2619"]
[PlyCount "104"]
[EventDate "2014.09.04"]
[EventType "team-tourn"]
[EventRounds "7"]
[EventCountry "ESP"]
[SourceTitle "CBM 162 Extra"]
[Source "ChessBase"]
[SourceDate "2014.10.17"]
[SourceVersion "1"]
[SourceVersionDate "2014.10.17"]
[SourceQuality "1"]
[WhiteTeam "Merida"]
[BlackTeam "Sestao Naturgas Energia"]
[WhiteTeamCountry "ESP"]
[BlackTeamCountry "ESP"]

1. d4 Nf6 2. c4 g6 3. Nf3 Bg7 4. g3 c6 5. Bg2 d5 6. Nbd2 0-0 7. 0-0 a5 8. Re1 Bf5 9. Qb3 Na6 10. cxd5 cxd5 11. a3 Qc7 12. Nb1 Bc2 13. Qb5 Qc8 14. Bf4 Nc7 15. Bxc7 Qxc7 16. Nc3 Qd6 17. Ne5 Rfd8 18. Rac1 Bf5 19. e3 Qa6 20. Qxa6 Rxa6 21. Na4 Nd7 22. Nxd7 Bxd7 23. Nc5 Rb6 24. Bxd5 Bc8 25. Na4 Rbd6 26. Bg2 b5 27. Nc3 Bd7 28. Ne4 Rb6 29. Rc7 e5 30. d5 Bf5 31. Rc6 Rbb8 32. Nd6 Bd7 33. Ra6 a4 34. e4 Bf8 35. Bf1 b4 36. Ra1 bxa3 37. bxa3 Rb3 38. h4 Rdb8 39. Kg2 Bg4 40. Nc4 Bf3+ 41. Kh2 Bxe4 42. Rxa4 Bxd5 43. Nxe5 Rb2 44. Nd3 Rd2 45. Kg1 Bc6 46. Rf4 f5 47. Rc4 Bb5 48. Rb1 Bxc4 49. Rxb8 Bxd3 50. Rd8 Rd1 51. Rxd3 Rxd3 52. Bxd3 Bxa3 1/2-1/2

[Event "ESP-chT CECLUB Honor"]
[Site "Linares"]
[Date "2014.09.04"]
[Round "1.2"]
[White "Gonzalez de la Torre, Santiago"]
[Black "Illescas Cordoba, Miguel Angel"]
[Result "1/2-1/2"]
[WhiteElo "2450"]
[BlackElo "2617"]
[PlyCount "84"]
[EventDate "2014.09.04"]
[EventType "team-tourn"]
[EventRounds "7"]
[EventCountry "ESP"]
[SourceTitle "CBM 162 Extra"]
[Source "ChessBase"]
[SourceDate "2014.10.17"]
[SourceVersion "1"]
[SourceVersionDate "2014.10.17"]
[SourceQuality "1"]
[WhiteTeam "Taldea Gros Xake"]
[BlackTeam "Merida"]
[WhiteTeamCountry "ESP"]
[BlackTeamCountry "ESP"]

1. e4 e5 2. Nf3 Nc6 3. Bb5 Nf6 4. 0-0 Nxe4 5. Re1 Nd6 6. Nxe5 Be7 7. Bf1 Nxe5 8. Rxe5 0-0 9. d4 Ne8 10. d5 d6 11. Re1 Nf6 12. c4 Nd7 13. Nc3 a5 14. Be3 Nc5 15. b3 Bf6 16. Rc1 Re8 17. Nb5 Bd7 18. Nd4 Bg5 19. Rc3 Bxe3 20. Rcxe3 Rxe3 21. Rxe3 g6 22. h3 Qf6 23. Nf3 b6 24. Qd4 Kg7 25. g4 h6 26. Kg2 Re8 27. Rxe8 Bxe8 28. h4 g5 29. hxg5 hxg5 30. Kg3 Bd7 31. Qe3 Kh6 32. Bg2 Kg6 33. Bf1 Kh6 34. Bg2 Na6 35. Qd4 Qxd4 36. Nxd4 Nb4 37. a4 Nd3 38. Be4 Nc5 39. Bc2 Kg7 40. f4 gxf4+ 41. Kxf4 Kf6 42. g5+ Ke7 1/2-1/2

[Event "Benasque op 34th"]
[Site "Benasque"]
[Date "2014.07.09"]
[Round "6"]
[White "Gopal, Geetha Narayanan"]
[Black "Illescas Cordoba, Miguel Angel"]
[Result "1/2-1/2"]
[WhiteElo "2544"]
[BlackElo "2607"]
[PlyCount "158"]
[EventDate "2014.07.04"]
[EventType "swiss"]
[EventRounds "9"]
[EventCountry "ESP"]
[SourceTitle "CBM 161 Extra"]
[Source "ChessBase"]
[SourceDate "2014.08.29"]
[SourceVersion "1"]
[SourceVersionDate "2014.08.29"]
[SourceQuality "1"]

1. e4 c5 2. Nf3 e6 3. d4 cxd4 4. Nxd4 a6 5. Bd3 Bc5 6. Nb3 Be7 7. 0-0 d6 8. Qg4 g6 9. Qe2 Nd7 10. a4 Ne5 11. a5 Nf6 12. Be3 0-0 13. N1d2 Bd7 14. f4 Nxd3 15. cxd3 Bb5 16. Nd4 Qd7 17. f5 e5 18. Nxb5 axb5 19. Bg5 Qd8 20. Qf2 Rxa5 21. Rxa5 Qxa5 22. Qh4 Qd8 23. Kh1 h5 24. Nf3 Re8 25. Qg3 Kh7 26. Bh4 Kg7 27. h3 Nh7 28. Rc1 Kh6 29. Bxe7 Rxe7 30. Nh4 g5 31. f6 Rc7 32. Nf5+ Kg6 33. Ne7+ Kh6 34. Nf5+ Kg6 35. Ne7+ Kh6 36. Rf1 Qd7 37. Rf5 h4 38. Qg4 Qe6 39. Kh2 Rxe7 40. fxe7 Qxe7 41. Rf2 Nf8 42. Rc2 Ne6 43. Rc8 Qf6 44. b4 Qf4+ 45. Qxf4 Nxf4 46. Rc7 Nxd3 47. Rxf7 Nxb4 48. Rf6+ Kh5 49. Rxd6 Nc6 50. Rd7 b4 51. Rxb7 g4 52. g3 hxg3+ 53. Kxg3 gxh3 54. Kxh3 Kg5 55. Kg3 Nd4 56. Rxb4 Ne2+ 57. Kf3 Nd4+ 58. Kg3 Ne2+ 59. Kf2 Nd4 60. Rb1 Kf4 61. Re1 Ne6 62. Re3 Nd4 63. Re1 Nc2 64. Rd1 Kxe4 65. Rd8 Nd4 66. Re8 Kf4 67. Ke1 e4 68. Kd2 Nf3+ 69. Ke2 Nd4+ 70. Kf2 Nf5 71. Rf8 Ke5 72. Ke2 Kf4 73. Re8 Ng3+ 74. Kd2 Nf5 75. Kc3 Kf3 76. Re6 Kf4 77. Kc4 Kf3 78. Kc3 Kf4 79. Rxe4+ Kxe4 1/2-1/2

[Event "EU-chT (Men) 19th"]
[Site "Warsaw"]
[Date "2013.11.14"]
[Round "6.7"]
[White "Illescas Cordoba, Miguel Angel"]
[Black "Palac, Mladen"]
[Result "1/2-1/2"]
[WhiteElo "2614"]
[BlackElo "2571"]
[PlyCount "100"]
[EventDate "2013.11.08"]
[EventType "team-swiss"]
[EventRounds "9"]
[EventCountry "POL"]
[SourceTitle "CBM 158"]
[Source "ChessBase"]
[SourceDate "2014.01.16"]
[SourceVersion "1"]
[SourceVersionDate "2014.01.16"]
[SourceQuality "1"]
[WhiteTeam "Spain"]
[BlackTeam "Croatia"]
[WhiteTeamCountry "ESP"]
[BlackTeamCountry "CRO"]

1. c4 e5 2. Nc3 Nf6 3. Nf3 Nc6 4. a3 g6 5. g3 Bg7 6. Bg2 d5 7. d4 exd4 8. Nxd4 Nxd4 9. Qxd4 dxc4 10. Qxd8+ Kxd8 11. Bf4 c6 12. 0-0-0+ Ke8 13. Rd2 Be6 14. Rhd1 h6 15. h3 Kf8 16. Rd8+ Rxd8 17. Rxd8+ Ke7 18. Rxh8 Bxh8 19. Bxh6 Nd7 20. Be3 a5 21. f4 f5 22. Kc2 Kd6 23. Bd2 Nc5 24. Nd1 Nb3 25. Bc3 Bxc3 26. bxc3 b5 27. Nf2 c5 28. g4 b4 29. Kb2 Nd2 30. e4 fxg4 31. hxg4 Nb3 32. e5+ Ke7 33. Be4 bxc3+ 34. Kxc3 Nd4 35. Bxg6 Ne2+ 36. Kd2 Nxf4 37. Bf5 Bf7 38. g5 Bg6 39. Bxg6 Nxg6 40. Ng4 Ke6 41. Kc3 Kf5 42. Ne3+ Kxg5 43. Kxc4 Kf4 44. Nd5+ Kxe5 45. Kxc5 Ke6 46. Nb6 Ne5 47. Kb5 Kd6 48. a4 Nd3 49. Nc4+ Kc7 50. Kxa5 Nc5 1/2-1/2

[Event "EU-chT (Men) 19th"]
[Site "Warsaw"]
[Date "2013.11.12"]
[Round "5.11"]
[White "Illescas Cordoba, Miguel Angel"]
[Black "Dragun, Kamil"]
[Result "1-0"]
[WhiteElo "2614"]
[BlackElo "2543"]
[PlyCount "113"]
[EventDate "2013.11.08"]
[EventType "team-swiss"]
[EventRounds "9"]
[EventCountry "POL"]
[SourceTitle "CBM 158"]
[Source "ChessBase"]
[SourceDate "2014.01.16"]
[SourceVersion "1"]
[SourceVersionDate "2014.01.16"]
[SourceQuality "1"]
[WhiteTeam "Spain"]
[BlackTeam "Poland Futures"]
[WhiteTeamCountry "ESP"]
[BlackTeamCountry "POL"]

1. d4 Nf6 2. c4 e6 3. Nc3 Bb4 4. Bg5 h6 5. Bh4 c5 6. d5 d6 7. e3 0-0 8. Nf3 Qe7 9. Be2 g5 10. Bg3 Ne4 11. Qc1 exd5 12. Nd2 Bxc3 13. bxc3 Be6 14. cxd5 Bxd5 15. Nxe4 Bxe4 16. f3 Bg6 17. Qd2 d5 18. h4 Nc6 19. hxg5 hxg5 20. Bd3 Ne5 21. Bxe5 Qxe5 22. Bxg6 fxg6 23. 0-0-0 Rad8 24. Rh6 Kg7 25. Rdh1 Rh8 26. f4 Rxh6 27. fxe5 Rxh1+ 28. Kb2 Rh4 29. Qf2 Rf8 30. Qd2 Rd8 31. Qf2 Rhh8 32. Qf6+ Kh6 33. e6 Rdf8 34. Qe5 Rf2+ 35. Ka3 Re8 36. Qh2+ Kg7 37. Qc7+ Kh6 38. Qh2+ Kg7 39. Qc7+ Kh8 40. Qd7 Rff8 41. Ka4 Rg8 42. Kb5 Rc8 43. a4 Rc6 44. Qf7 Ra8 45. a5 a6+ 46. Ka4 Rg8 47. e7 Rcc8 48. Kb3 c4+ 49. Kc2 g4 50. Kd2 Rb8 51. e4 dxe4 52. Ke3 b5 53. axb6 a5 54. Kf4 g5+ 55. Kf5 Rge8 56. b7 e3 57. Kg6 1-0